00430nam a22001577a 4500003000400000005001700004008004100021020001500062040003000077100002100107245002500128250001200153260007000165300000900235650002800244OSt20250722171230.0250722b |||||||| |||| 00| 0 eng d a0324259239 cChuka university library aMoyer Charles R. aManagerial Economics a10th ED aSouth western thomson learningbUnited States cThomson Learning  a869p a1. Managreal Economics